000 00465nam a22001697a 4500
003 OSt
005 20190629145239.0
008 190625b xxu||||| |||| 00| 0 eng d
020 _a978-1-4082-5744-9
040 _aLDCLIB
_cLDCLIB
082 _28th ed.
_aRef. 340.03
_bCUR
100 _aCurzon, L.B
245 _aThe Longman Dictionary of Law.
_cP.H. Richards . L.B Curzon.
260 _aEngland.
_bLongman
_c2011.
300 _axviii, 508p. : 18cm.
942 _2ddc
_cBK
999 _c8645
_d8645